Missing Word: Movies, Books & Music (P) Quiz Stats

 Plays Quiz Updated Jul 18, 2018

Challenge
Share
Tweet
Embed
Score 0/21 Timer 02:00
7 Plays Today
Hint Answer % Correct
MusicPop
96.8%
MusicPlay
95.7%
MoviesPulp
94.3%
MoviesPlanet
94.3%
BooksPrejudice
92.4%
MoviesPoets
92.4%
BooksPrince
88.8%
BooksPet
87.1%
MusicPreacher
86%
BooksPelican
85.7%
MoviesPenguins
80.3%
Hint Answer % Correct
MusicProud
79.4%
MoviesPie
79.1%
MoviesPassion
78.2%
MusicPinball
74.4%
MusicPaperback
64.1%
BooksParis
62.2%
MoviesPineapple
56.9%
MusicPrayer
54.7%
BooksPilgrim's
51%
BooksPale
45.6%

Today's Daily Dose

You're not logged in!

Compare scores with friends on all Sporcle quizzes.
OR
Log In

You Might Also Like...

Show Comments

Extras

Top Quizzes Today


Score Distribution

Your Account Isn't Verified!

In order to create a playlist on Sporcle, you need to verify the email address you used during registration. Go to your Sporcle Settings to finish the process.

Report this User

Report this user for behavior that violates our Community Guidelines.

Details: